Verejná diplomacia manažér - diplomat a interkultúrna komunikácia
Salvato in:
| Autore principale: | |
|---|---|
| Ente Autore: | |
| Altri autori: | , |
| Natura: | Libro |
| Lingua: | slovacco |
| Pubblicazione: |
Bratislava
Vydavateľstvo EKONÓM
2011
|
| Soggetti: | |
| Tags: |
Nessun Tag, puoi essere il primo ad aggiungerne!!
|
MARC
| LEADER | 00000nam a2200000 4500 | ||
|---|---|---|---|
| 001 | 0136435 | ||
| 005 | 20240502072528.5 | ||
| 020 | |a 978-80-225-3201-3 | ||
| 041 | 0 | |a slo | |
| 044 | |a SK | ||
| 245 | 1 | 0 | |a Verejná diplomacia |b manažér - diplomat a interkultúrna komunikácia |c Helena Šajgalíková |
| 264 | 1 | |a Bratislava |b Vydavateľstvo EKONÓM |c 2011 | |
| 300 | |a 176 s. [9,21 AH] | ||
| 610 | 2 | 0 | |a diplomacia |
| 610 | 2 | 0 | |a diplomacia hospodárska |
| 610 | 2 | 0 | |a kultúra |
| 610 | 2 | 0 | |a komunikácia multikultúrna |
| 610 | 2 | 0 | |a komunikácia manažérska |
| 610 | 2 | 0 | |a manažéri |
| 610 | 2 | 0 | |a diplomati |
| 100 | 1 | |a Šajgalíková, Helena | |
| 700 | 1 | |a Bajzíková, Ľubica | |
| 700 | 1 | |a Špirková, Daniela | |
| 710 | 2 | |a Univerzita Komenského v Bratislave. Fakulta managementu | |